000 00751cam a2200241 4500500
005 20260329004036.0
041 _afre
042 _adc
100 1 0 _aTesson, Sylvain
_eauthor
245 0 0 _aFace à l’intelligence artificielle, comment sauver l’intelligence naturelle ?
260 _c2018.
500 _a62
690 _aAntoine Bordes
690 _aHomme
690 _aintelligence
690 _aIntelligence Artificielle
690 _aLaurence Devillers
690 _aMachines
690 _aPascal Chabot
690 _aRobots
786 0 _nPhilosophie magazine | 118 | 4 | 2018-04-01 | p. 21-21 | 1951-1787
856 4 1 _uhttps://shs.cairn.info/magazine-philosophie-magazine-2018-4-page-21?lang=fr&redirect-ssocas=7080
999 _c1830049
_d1830049